000 00210nam a22000857a 4500
008 160630b xxu||||| |||| 00| 0 eng d
100 _91535
_aRamon
245 _aIncrease your Height
260 _aN.D
_bParichay Overseas
999 _c1268
_d1268